000 00610nam a2200229Ia 4500
003 OSt
005 20220923230144.0
006 a|||||r|||| 00| 0
007 ta
008 Pun
024 _a277,861
037 _cTextual
040 _aARTS
_cARTS
_bPun
041 _2Pun
_aPun
082 _aO153,3NPIx, J6
100 _aਇੰਦਰਾ ਪ੍ਰੇਮੀ
_9156318
245 0 _aਪ੍ਰੀਤ ਕਹਾਣੀਆਂ
260 _c1956
650 _aਪੰਜਾਬੀ ਸਾਹਿਤ
942 _hO153,3NPIx, J6
_cTEXL
_2CC
999 _c382911
_d382911